dr. Lakatos Pál, a JATE Klasszika-filológia Tanszékének oktatója, augusztus 12-én, 67 éves korában elhunyt
Elmentve itt :
| Dokumentumtípus: | Cikk |
|---|---|
| Megjelent: |
1994-09-20
|
| Sorozat: | Délmagyarország
84 No. 220 |
| Kulcsszavak: | Lakatos Pál |
| Online Access: | http://dmarchiv.bibl.u-szeged.hu/96553 |
| LEADER | 00483nab a2200145 i 4500 | ||
|---|---|---|---|
| 001 | delm96553 | ||
| 005 | 20191009112036.0 | ||
| 008 | 191009s1994 hu o 0|| hun d | ||
| 040 | |a SZTE Délmagyarország Archívum |b hun | ||
| 041 | |a hun | ||
| 245 | 0 | 0 | |a dr. Lakatos Pál, a JATE Klasszika-filológia Tanszékének oktatója, augusztus 12-én, 67 éves korában elhunyt |h [elektronikus dokumentum] |
| 260 | |c 1994-09-20 | ||
| 300 | |a 13 | ||
| 490 | 0 | |a Délmagyarország |v 84 No. 220 | |
| 695 | |a Lakatos Pál | ||